000 00492nam a2200193Ia 4500
005 20230330084446.0
008 131103s9999 xx 000 0 und d
040 _aLoreto College
041 _aEnglish
082 _a891.448
_bCHA
100 _aChattopadhya, Lalit Kumar
245 _aDakshinatye
_cLalit Kumar Chatopadhya
260 _aCalcutta
_bCalcutta University
_c1941
300 _a163p.
650 _aBengali Literature
651 _aTravell
850 _aLCLIB
942 _cBK
999 _c23024
_d73503